000 00528nam a2200217Ia 4500
003 OSt
005 20220924152953.0
006 a|||||r|||| 00| 0
007 ta
008 220923b |||||||| |||| 00| 0 guj d
024 _a346254
037 _cTextual
040 _aARTS
_cARTS
_bguj
041 _2guj
_aguj
082 _aO156,3x, J6.1-.
245 0 _aGurjar varta vebhav
260 _c1956
650 _aGUJRATI LITERATURE
942 _hO156,3x, J6.1-.
_cTEXL
_2CC
999 _c471798
_d471798